Statistics for Pizza Tower OST

Click here to take the quiz!

General Stats

  • This quiz has been taken 30 times
  • The average score is 21 of 72

Answer Stats

UsedAnswer% Correct
EscapeIt's Pizza Time!
80%
Near Pillar JohnMeatophobia
80%
OpeningTime for a Smackdown!
80%
Tower Lobby (Hub)Mondays
60%
File SelectPizza Deluxe
60%
Boss 4PIZZA TIME NEVER ENDS
60%
The VigilanteCalzonification
53%
Tower LobbyCold Spaghetti
53%
Staff Only (Hub)Fridays
53%
Tower LobbyHot Spaghetti
53%
Slum (Hub)Thursdays
53%
Western District (Hub)Tuesdays
53%
Tower LobbyUnearthly Blues
53%
PizzafaceUnexpectancy
53%
Vacation Resort (Hub)Wednesdays
53%
Vacation ResortGood Eatin'
47%
PeppermanPepperman Strikes!
47%
Staff OnlyThere's a Bone in my Spaghetti!
47%
Staff OnlyThousand March
47%
Vacation ResortTropical Crust
47%
Vacation ResortExtraterrestrial Wahwahs
40%
Tutorialfuniculi holiday
40%
Vacation Resortmmm yes put the tree on my pizza
40%
The NoisePumpin' Hot Stuff
40%
Tower LobbyPut on a Show!!!
40%
Lap 2The Death I Deservioli
40%
Western DistrictTombstone Arizona
40%
SlumWay of the Pig
40%
Vacation ResortWudpecker
40%
Western DistrictOregano Mirage
33%
Western DistrictOregano UFO
33%
SlumPeppino's Sauce Machine
33%
Tower LobbyTheatrical Shenanigans
33%
Western DistrictYeehaw Deliveryboy
33%
SlumBite the Crust
27%
SlumCelsius Troubles
27%
Tower LobbyDungeon Freakshow
27%
Tutorial (Old)funiculi funicula
27%
Western DistrictMort's Farm
27%
SlumPizza Engineer
27%
SlumTubular Trash Zone
27%
Staff OnlyTunnely Shimbers
27%
Western DistrictWhat's on the Kid's Menu
27%
SlumDon't Preheat your oven or else the song won't play
20%
Pizzaface HallPizzaface Hall
20%
Tower Lobby (SAGE)Spaghetti
20%
RankVictorious Degenerate
20%
MansionGround Bound
13%
Staff Only (S)My Secret War Crimes
13%
Ending (1)Pizza Pie-ing
13%
Ending (3)Receding Hairline Celebration Party
13%
Tower Lobby (SAGE)Theatrical Mischief
13%
Slum (S)A Frozen Secret
7%
Slum (S)An Industry Secret
7%
Western District (S)A Saloon Secret
7%
Vacation Resort (S)A Secret Hole in One
7%
Tower Lobby (S)A Secret under the Debris
7%
Staff Only (S)A Secret You don't want to find
7%
Ending (4)Choosing the Toppings
7%
Vacation Resort (S)Everybody wants to be a Secret
7%
Western District (Old)The Phantom Tower
7%
Slum (S)A Fecal Secret
0%
Western District (S)A Grain of Bread in a Grain of Sand
0%
Tower Lobby (S)A Medieval Secret
0%
Tower Lobby (S)An Entrance Secret
0%
Vacation Resort (S)An Interstellar Secret
0%
Western District (S)An Undead Secret
0%
Western District (S)A Secret in the Chicken
0%
Vacation Resort (S)A Secret in the Sands
0%
Slum (S)A Secret in these Streets
0%
Ending (2)Bumbling in the Dark
0%
Tower Lobby (S)Hidden Pepperoni in the Cage
0%

Score Distribution

Percentile by Number Answered

Percent of People with Each Score

Your Score History

You have not taken this quiz